|
|
|
|
| LEADER |
00000nab a2200000 a 4500 |
| 001 |
vtls000505313 |
| 003 |
SK-MaSNL |
| 005 |
20260303003204.0 |
| 008 |
160204c1993 xo 0 slo |
| 015 |
|
|
|a SNBRA19rr/mm-uuuuu
|
| 035 |
|
|
|a CL0505451
|
| 040 |
|
|
|a SNKBUCL
|b slo
|c SNKBUCL
|e AACR2
|
| 041 |
0 |
|
|a slo
|
| 044 |
|
|
|a xo
|c SK
|
| 080 |
|
|
|a 552.3(234.372.4):550.4
|2 1981
|
| 080 |
|
|
|a 550.4
|2 1981
|
| 100 |
1 |
|
|a Petrík, Igor,
|d 1952-
|4 aut
|9 121248
|
| 245 |
1 |
0 |
|a Príspevok ku geochémii a mineralógii granitoidov západnej časti Slovenského rudohoria
|c Igor Petrík, Igor Broska, Vladimír Bezák
|
| 300 |
|
|
|b Obr. 6, tab. 6, res. angl., lit. 29 zázn. v angl., češ., ruš., slov.
|
| 650 |
0 |
7 |
|a granitoidy
|2 snkbucl
|9 15973
|
| 650 |
0 |
7 |
|a veporikum
|2 snkbucl
|9 492630
|
| 651 |
|
7 |
|a Slovenské rudohorie (Slovensko : pohorie)
|2 snkbucl
|9 26673
|
| 655 |
|
7 |
|a články zo zborníkov
|2 snkbucl
|9 166140
|
| 700 |
1 |
|
|a Broska, Igor,
|d 1955-
|4 aut
|9 115001
|
| 700 |
1 |
|
|a Bezák, Vladimír,
|d 1951-
|4 aut
|9 190571
|
| 773 |
0 |
|
|t Geodynamický vývoj a hlbinná stavba Západných Karpát
|d Bratislava : Geologický ústav Dionýza Štúra, 1993
|g S. 207-218
|z 808531424X
|
| 850 |
|
|
|a Slovenská národná knižnica v Martine
|a KEA001
|
| 852 |
|
|
|a SNK
|b KIS3GCP
|
| 958 |
|
|
|a NB
|
| 958 |
|
|
|a RK
|
| 992 |
|
|
|a RZB
|
| 999 |
|
|
|c 1571521
|d 1573451
|